Score 0/24 Timer 04:00
0 Plays Today
% Correct
Olympic Stadium
91.7%
Jacques-Cartier Bridge
88.5%
Habitat 67
84.8%
Circuit Gilles Villeneuve
84.3%
Botanical Garden
82.5%
Old Port
82.5%
Mount Royal
82.5%
Saint Joseph's Oratory
81.6%
Lachine Canal
81.1%
Notre Dame Basilica
81.1%
Bell Centre
80.2%
Mount Royal Cemetery
80.2%
% Correct
1000 de La Gauchetière
79.3%
Montreal Casino
79.3%
Planetarium
76%
Bonsecours Market
72.4%
Place des Arts
71.4%
Museum of Fine Arts
71%
La Ronde
69.1%
Pointe-à-Callière Museum
68.2%
Château Dufresne
66.4%
McCord Museum
66.4%
Insectarium
65.9%
Canadian Centre for Architecture
51.6%
Remove Ads.
Support Sporcle.
Get the best of Sporcle when you Go Orange. This ad-free experience offers more features, more stats, and more fun while also helping to support Sporcle. Thank you for becoming a member.

You're not logged in!

Compare scores with friends on all Sporcle quizzes.
OR
Log In

Sporcle TV

Today on Sporcle TV


Watch our educational content, quiz creation guides, and fun videos on Sporcle TV.

Show Comments

Extras

Created Mar 28, 2016ReportNominate
Tags:landmark, montreal, Picture Click

Top Quizzes Today


Score Distribution

Paid Content

Your Account Isn't Verified!

In order to create a playlist on Sporcle, you need to verify the email address you used during registration. Go to your Sporcle Settings to finish the process.

Report this User

Report this user for behavior that violates our Community Guidelines.

Details: